Statistiken für Größte Fast Food Ketten der Welt

Klicken Sie hier um das Quiz zu spielen!

Allgemein

  • Dieses Quiz wurde 1.978 mal gespielt
  • Das Durchschnittsergebnis liegt bei 6 aus 9

Antwortstatistiken

Einnahmen (In $)Antwort% Korrekt
33.838 Mio.McDonald's
100%
33.838 Mio.KFC
90%
8.181 Mio.Subway
88%
5.130 Mio.Pizza Hut
56%
38.440 Mio.Starbucks Coffee
54%
3.975 Mio.Wendy's
51%
5.809 MioTaco Bell
48%
15.071 Mio.Dominos
46%
5.471 Mio.Dunkin' Donuts
31%

Verteilung der Resultate

Perzentil nach korrekt beantworteten Fragen

Anzahl Personen mit jedem Resultat

Ihre Resultats-Entwicklung

Sie haben dieses Quiz noch nicht gespielt